Catálogo público

Report of the session of the Sub-committee on aquaculture (7o) : (Record no. 107971)

MARC details
000 -CABECERA
campo de control de longitud fija 01361nam a2200313 a 4500
001 - NÚMERO DE CONTROL
campo de control 000111509
003 - IDENTIFICADOR DEL NÚMERO DE CONTROL
campo de control CHAP
005 - FECHA Y HORA DE LA ÚLTIMA TRANSACCIÓN
campo de control 20220329144215.0
008 - DATOS DE LONGITUD FIJA--INFORMACIÓN GENERAL
campo de control de longitud fija 150513s2014 it |r| ||||||eng d
010 ## - NÚMERO DE CONTROL DE LA BIBLIOTECA DEL CONGRESO
Número de control de LC 107971
011 ## - ENLACE DEL NUMERO DE CONTROL DE LA BIBLIOTECA DEL CONGRESO [OBSOLETO]
Número de control de LC 108943
020 ## - NÚMERO INTERNACIONAL ESTÁNDAR DEL LIBRO
Número Internacional Estándar del Libro 9789250081960
040 ## - FUENTE DE LA CATALOGACIÓN
Centro/agencia transcriptor CHAP
082 04 - NÚMERO DE LA CLASIFICACIÓN DECIMAL DEWEY
Número de clasificación 639.2
Número de documento/Ítem F46t v.1064
110 00 - ENTRADA PRINCIPAL--NOMBRE DE ENTIDAD CORPORATIVA
Nombre de entidad corporativa o nombre de jurisdicción como elemento de entrada FAO. Comité de Pesca
9 (RLIN) 39491
245 10 - MENCIÓN DE TÍTULO
Título Report of the session of the Sub-committee on aquaculture (7o) :
Resto del título St Petersburg, Russian Federation, 7-11 October 2013 =Rapport de la session du Sous-comité de L'aquaculture (7o): Saint-Pétersbourg, Fédération de Russie, 7-11 octobre 2013 =Informe de la reunión del Subcomité del Subcomité del Acuicultura (7o.): San Petersburgo, Federación de Rusia, 7-11 de octubre de 2013 /
Mención de responsabilidad, etc. por FAO. Comité de Pesca.
246 10 - FORMA VARIANTE DE TÍTULO
Título propio/Titulo breve Informe de la reunión del Subcomité de Acuicultura (7o.): San Petersburgo, Federación de Rusia, 7-11 de octubre de 2013
260 ## - PUBLICACIÓN, DISTRIBUCIÓN, ETC.
Lugar de publicación, distribución, etc. Roma :
Nombre del editor, distribuidor, etc. FAO,
Fecha de publicación, distribución, etc. 2014.
300 ## - DESCRIPCIÓN FÍSICA
Extensión ix., 53 p.
490 1# - MENCIÓN DE SERIE
Mención de serie FAO. Informe de pesca y acuicultura
500 ## - NOTA GENERAL
Nota general Edición trilingüe (francés, inglés, español)
590 ## - NOTA LOCAL (RLIN)
Nota local E5995AHE
Procedencia (VM) [OBSOLETO] 05
Condición del los carretes individuales (VM) [OBSOLETO] 20150513
-- UCH01
-- 1439
650 14 - PUNTO DE ACCESO ADICIONAL DE MATERIA--TÉRMINO DE MATERIA
Término de materia o nombre geográfico como elemento de entrada Acuicultura
9 (RLIN) 758
650 14 - PUNTO DE ACCESO ADICIONAL DE MATERIA--TÉRMINO DE MATERIA
Término de materia o nombre geográfico como elemento de entrada Industria del pescado.
9 (RLIN) 57809
830 10 - PUNTO DE ACCESO ADICIONAL DE SERIE-TÍTULO UNIFORME
Título uniforme FAO. Informe de pesca y acuicultura
Designación de volumen o secuencia ; 1064
9 (RLIN) 39588
901 ## - ELEMENTOS DE DATOS A LOCAL LDA (RLIN)
a BK
942 ## - ELEMENTOS DE PUNTO DE ACCESO ADICIONAL (KOHA)
Tipo de ítem Koha Libro
942 ## - ELEMENTOS DE PUNTO DE ACCESO ADICIONAL (KOHA)
Suprimir en OPAC 0
Holdings
Estado de retiro Estado de pérdida Fuente del sistema de clasificación o colocación Estado dañado Restricciones de uso No para préstamo Código de colección Localización permanente Ubicación/localización actual Ubicación en estantería Fecha de adquisición Información codificada de la localización en otra ubicación Total de préstamos Signatura topográfica completa Código de barras Fecha visto por última vez Precio válido a partir de Tipo de ítem Koha
    Dewey Decimal Classification   Préstamo interno   Publicaciones FAO Biblioteca Central Biblioteca Central Planta Principal - Área de préstamo - FAO 13/05/2015 LIBRO   639.2 F46t v.1064 33724002483058 31/12/2019 13/05/2015 Libro